000 00814cam a2200253 4500
001 9261
010 _a2857448767
010 _a9973220595
090 _a9261
099 _tLIVR
100 _a19970108d1996 m y0frey50 ba
101 0 _afre
102 _aFR
_aTN
200 1 _aLa Tunisie vue du ciel
_bLIVR
_f Mohamed-Salah Bettaïeb
_gSalah Jabeur
_gAlya Hamza
210 _aAix-en-Provence
_cÉdisud
_aTunis
_cles Éd. de la Méditerranée
_d1996
215 _a156 p.
_cill. en noir et en coul.
_d35 cm
606 _aLa Tunisie vue du ciel
_xPhotographie
_924980
607 _311933634
_aTunisie
700 _312549739
_aBettaïeb
_bMohamed-Salah
_4440
_96955
701 _312549743
_aJabeur
_bSalah
_4440
702 _312549745
_aHamza
_bAlya
_4070
801 0 _aFR
_bFR-751131015
_c19970108
_gAFNOR
801 0 _aTN
_b32BIS
830 _aMS